000
00314nam a22001217a 4500
020
_a
0-408-00758-3
082
_a
621.37
100
_a
NOLTINGK.B.E
_9
51933
245
_a
JONES INSTRUMENT TECHNOLOGY VOLUME-3 ,ELECTRICAL AND RADIATION MEASUREMENTS
260
_a
GREAT BRIATIN
_c
1986
300
_a
206P
942
_c
BK
999
_c
581003
_d
581003